Gaming Quiz

Random Gaming Quiz

Stampylongnose Characters Quiz Stats

 Plays Quiz not verified by Sporcle

Score 0/17 Timer 05:00
0 Plays Today
Hint Answer % Correct
HostStampy
91.6%
Stampy does Every adventure Map with himSquid
81.8%
used to be FaZe RayRayLee
71.3%
a mermaidAmy Lee
67.8%
Stampys enemyHit the Target
63.6%
Stampys 1st dogGregory
58%
his catMittens
55.9%
Stampy does SkyDen and CaveDen with herSqaishey
52.4%
Stampys oldest dogBarnaby
51%
Hint Answer % Correct
a penguinRosie
42.7%
King ________Finnball
37.1%
his youngest dogLuna
32.9%
his 3rd friend on Quest to kill the EnderdragonLongbow
27.3%
Stampys 1st helperCraig
22.4%
the first girl helperchloe
18.9%
a sailorbreadstick
16.1%
one of his first helpers and writer on the 4 minecraft handbooksCaptainsparklez
11.2%

You're not logged in!

Compare scores with friends on all Sporcle quizzes.
OR
Log In

Show Comments

Extras

Created Aug 17, 2015ReportNominate
Tags:character

Top Quizzes Today


Score Distribution

Your Account Isn't Verified!

In order to create a playlist on Sporcle, you need to verify the email address you used during registration. Go to your Sporcle Settings to finish the process.

Report this User

Report this user for behavior that violates our Community Guidelines.

Details: